000 00568nam a22001937a 4500
003 KOHA_MİRAKIL
005 20250421164236.0
008 250421b tu ||||| |||| 00| 0 tur d
020 _a9786053142591
040 _aTR-AnABB
_btur
_cTR-AnABB
041 _atur
082 _a813.32
_bGUR 2018
100 _aGürpınar, Hüseyin Rahmi,
_d1864-1944
245 1 0 _aHakka sığındık /
_cHüseyin Rahmi Gürpınar
260 _aİstanbul :
_bAyrıntı Yayınları,
_c2018
300 _a172 sayfa ;
_c20 cm
650 0 4 _aTürk edebiyatı, roman
942 _2ddc
_cBK
999 _c8808
_d8808
900 _bGizem YORULMAZ